000 01263cad a22002415a 4500
001 L142924
008 080317s2007 xxkd f s 000 0 eng d
035 _a(Sirsi) u142924
041 0 _aeng
050 0 4 _a331.281333 $2 18
110 2 _aRoyal Institution of Chartered Surveyors
_94900
240 _aThe RICS and MacDonald and Company salary survey
245 0 4 _aThe RICS and MacDonald and Company South Africa salary guide
_bspring/summer 2007
_h[electronic resource]
260 _aLondon
_bMacdonald and Company
_aLondon
_bRICS
_c2007
520 _aProvides statistical headline figures showing minimum, maximum and average salaries for various job descriptions within the property sector. These are Valuation Surveyor, Quantity Surveyor, Asset Manager, Project Manager, Architect and Development Manager, which is revealed to be the highest paid job within the guide. Gives the same figures in other regions for the purposes of comparison. These regions are Australia, the Middle East and the United Kingdom.
521 2 _aAdvanced
590 _aKA
650 2 4 _aRICS SALARY AND BENEFITS SURVEYS
651 4 _aSouth Africa
690 _aMANAGEMENT-BUSINESS MANAGEMENT-HUMAN RESOURCE MANAGEMENT
710 2 _aMacdonald and Company
_93846
942 _n0
999 _c108017
_d108017